000 00453nam a2200145Ia 4500
003 OSt
005 20260127095458.0
008 211028s2017 xx 000 0 und d
040 _cAIMIT LIBRARY
041 _aeng
100 _aSinan S A, Mohammad; James, Justine P.
_g1516091
_97667
245 _aStudy on customer perception with special reference to BSNLmobile services Mangalore /
260 _aMangalore
_bJustine P James.
_c2017
942 _2ddc
_cPRO
999 _c219235
_d219235